[Event "Swiss Queens Wed #43"]
[Site "FIDE Online Arena INT"]
[Date "2024.11.20"]
[Round "5"]
[White "Bashirli, Saadat"]
[Black "Sargsyan, Anna M"]
[Result "0-1"]
[WhiteElo "1986"]
[BlackElo "2361"]
[PlyCount "102"]
[EventDate "2024.11.20"]
[EventType "swiss (blitz)"]
[EventRounds "11"]
[EventCountry "NET"]
[SourceTitle "CB48_2024"]
[SourceDate "2024.11.28"]
[SourceVersion "1"]
[SourceVersionDate "2024.11.28"]
[SourceQuality "1"]

1. d4 Nf6 2. e3 d5 3. Bd3 c5 4. c3 Nc6 5. f4 cxd4 6. exd4 Bg4 7. Nf3 e6 8. 0-0 Bd6 9. h3 Bxf3 10. Qxf3 0-0 11. Nd2 Rc8 12. Qe2 Re8 13. Nf3 a6 14. Ne5 b5 15. Bd2 Qb6 16. Kh1 Ne7 17. Qf3 a5 18. Qg3 Ne4 19. Bxe4 dxe4 20. Nd7 Nf5 21. Qg5 Qd8 22. Ne5 Qxg5 23. fxg5 Ng3+ 24. Kg1 Nxf1 25. Rxf1 Bxe5 26. dxe5 Rc5 27. Bf4 b4 28. cxb4 axb4 29. Rf2 Rd8 30. Re2 Rd4 31. Kf2 Rdc4 32. Ke3 Rd5 33. Rd2 Rxd2 34. Kxd2 Kf8 35. Be3 Ke7 36. Bf2 Kd7 37. Be3 Kc6 38. Bf4 Kd5 39. g4 Rd4+ 40. Ke2 Rd3 41. h4 Rf3 42. Bd2 Rh3 43. Bxb4 Rh2+ 44. Ke3 Rxb2 45. Bf8 g6 46. Bg7 Rxa2 47. Bf6 Ra3+ 48. Ke2 Kd4 49. h5 Ra2+ 50. Kd1 Kd3 51. Kc1 e3 0-1